[Event "0pen Est 2012/2013"]
[Site "Aubagne"]
[Date "2012.10.06"]
[Round "1.30"]
[White "Gousseau, Michel"]
[Black "Conti, Guillaume"]
[Result "0-1"]
[WhiteElo "1150"]
[BlackElo "1480"]
[PlyCount "77"]

1. f4 d5 2. Nf3 Nc6 3. e3 Bf5 4. Be2 g6 5. O-O Bg7 6. Nc3 e5 7. fxe5 Nxe5 8. d4
Nxf3+ 9. Bxf3 Ne7 10. b3 O-O 11. Bb2 c6 12. Ne2 b5 13. Ng3 Bd7 14. Re1 Nf5 15.
Nxf5 Bxf5 16. Bc3 Re8 17. b4 Qg5 18. Re2 Rxe3 19. Bb2 Rae8 20. Bc1 Rxe2 21.
Bxg5 Re1+ 22. Kf2 Rxd1 23. Rxd1 Bxc2 24. Rd2 Be4 25. Bg4 f5 26. Be2 Kf7 27. Bf4
Bf8 28. a3 Kf6 29. h4 h6 30. Be3 g5 31. h5 f4 32. Bg4 Bf5 33. Kf3 Bxg4+ 34.
Kxg4 fxe3 35. Re2 Re4+ 36. Kf3 Rxd4 37. Rxe3 Rf4+ 38. Kg3 Bd6 39. Rc3 0-1

[Event "0pen Est 2012/2013"]
[Site "Aubagne"]
[Date "2012.10.06"]
[Round "1.31"]
[White "Kallenberg, Hardi"]
[Black "Conti, Beatrice"]
[Result "1-0"]
[WhiteElo "1480"]
[BlackElo "1130"]
[PlyCount "85"]

1. e4 g6 2. d4 d6 3. Nc3 Nf6 4. Be2 Bg7 5. Be3 O-O 6. h4 e5 7. h5 Nc6 8. g4
exd4 9. Bxd4 d5 10. e5 Ne4 11. f4 Ng3 12. Rh3 Nxe2 13. Ngxe2 a5 14. Ng3 Nxd4
15. Qxd4 Bxg4 16. Rh2 c6 17. hxg6 fxg6 18. Kd2 Rc8 19. f5 gxf5 20. Rah1 Bf3 21.
Rxh7 Bxh1 22. Rxg7+ Kxg7 23. e6+ Qf6 24. Nh5+ Kg6 25. Nxf6 Rxf6 26. Qg1+ Kh7
27. Qxh1+ Rh6 28. Qe1 Re8 29. e7 Kg7 30. Qe5+ Kf7 31. Ne2 Rxe7 32. Qxf5+ Rf6
33. Qh5+ Kg8 34. Qg5+ Kf7 35. Nf4 Re5 36. Qxe5 b5 37. Nd3 Re6 38. Qf5+ Ke7 39.
b3 b4 40. Kc1 Kd6 41. Kb2 Re8 42. Qf6+ Re6 43. Qd8# 1-0

[Event "0pen Est 2012/2013"]
[Site "Aubagne"]
[Date "2012.10.06"]
[Round "1.32"]
[White "Periale, Francine"]
[Black "Benezra, David"]
[Result "0-1"]
[WhiteElo "1110"]
[BlackElo "1472"]
[PlyCount "68"]

1. c4 Nf6 2. Nc3 g6 3. g3 Bg7 4. Bg2 d6 5. d3 O-O 6. Nf3 e5 7. e4 Nc6 8. Nd5
Nxd5 9. exd5 Ne7 10. Bg5 f6 11. Bh4 Bg4 12. Qd2 h6 13. h3 Bxf3 14. Bxf3 g5 15.
Bxg5 fxg5 16. Qe3 c6 17. g4 cxd5 18. cxd5 Nxd5 19. Bxd5+ Kh7 20. Qe4+ Kh8 21.
Rf1 Rf4 22. Qg6 Qa5+ 23. Ke2 Qxd5 24. f3 Raf8 25. Rac1 Rxf3 26. Rc7 Qxd3+ 27.
Qxd3 Rxd3 28. Rxb7 Rxh3 29. Rxf8+ Bxf8 30. Rf7 Kg8 31. Rf6 Rh2+ 32. Kf3 Rxb2
33. Rg6+ Kf7 34. Rxd6 Bxd6 0-1

[Event "0pen Est 2012/2013"]
[Site "Aubagne"]
[Date "2012.10.06"]
[Round "1.33"]
[White "Le Mauff, Marc"]
[Black "Morata, Serge"]
[Result "1-0"]
[WhiteElo "1460"]
[BlackElo "1090"]
[PlyCount "63"]

1. f4 Nf6 2. Nf3 g6 3. e3 Bg7 4. d3 O-O 5. Be2 d5 6. O-O Nc6 7. c3 b6 8. Qe1
Qd7 9. Nbd2 Bb7 10. Nh4 Rae8 11. Qg3 e6 12. e4 Ne7 13. e5 Nh5 14. Qf2 f5 15.
Bxh5 gxh5 16. Qf3 Ba6 17. Qxh5 Bxd3 18. Rf3 Be2 19. Nb3 Bxf3 20. Qxf3 Ng6 21.
Nxg6 hxg6 22. Qh3 Qd8 23. Nd4 Kf7 24. Nf3 Rh8 25. Ng5+ Ke7 26. Qg3 d4 27. Bd2
c5 28. Qf3 d3 29. a4 a5 30. Rd1 c4 31. Qb7+ Kf8 32. Qf7# 1-0

[Event "0pen Est 2012/2013"]
[Site "Aubagne"]
[Date "2012.10.06"]
[Round "1.34"]
[White "Turpin, Isabelle"]
[Black "Benvenuto, Richard"]
[Result "0-1"]
[WhiteElo "1070"]
[BlackElo "1440"]
[PlyCount "36"]

1. Nf3 d5 2. c4 Nf6 3. Nc3 c5 4. d3 e6 5. g3 Nc6 6. Bg2 Be7 7. Bg5 O-O 8. Qd2
a6 9. h4 d4 10. Ne4 Nxe4 11. dxe4 f6 12. Bh6 Qa5 13. O-O-O Qxa2 14. Qf4 e5 15.
Qg4 Bxg4 16. Bd2 Qxc4+ 17. Kb1 Nb4 18. Rc1 Qa2# 0-1

[Event "0pen Est 2012/2013"]
[Site "Aubagne"]
[Date "2012.10.06"]
[Round "1.35"]
[White "Besucco, Guy"]
[Black "Gianfranceschi, Gerard"]
[Result "1-0"]
[WhiteElo "1440"]
[BlackElo "1010"]
[PlyCount "53"]

1. f4 f5 2. Nf3 Nf6 3. e3 g6 4. Be2 Bg7 5. O-O O-O 6. Qe1 Nc6 7. Nc3 Nb4 8. Bd1
d5 9. a3 Nc6 10. Ne2 Nd7 11. h3 e5 12. g4 e4 13. Ng5 h6 14. Ne6 Qe7 15. Nxf8
Qxf8 16. gxf5 Qxf5 17. Qg3 g5 18. fxg5 Qxg5 19. Kh2 Be5 20. Nf4 Nf6 21. Rg1 Ne7
22. Qxg5+ hxg5 23. Rxg5+ Kf7 24. Rxe5 Ng4+ 25. Bxg4 c6 26. b3 Bd7 27. Bxd7 1-0

[Event "0pen Est 2012/2013"]
[Site "Aubagne"]
[Date "2012.11.10"]
[Round "2.1"]
[White "Danthier, Christophe"]
[Black "Israel, Daniel"]
[Result "0-1"]
[WhiteElo "1499"]
[BlackElo "1817"]
[PlyCount "44"]

1. Nf3 Nf6 2. d3 g6 3. e4 d6 4. e5 dxe5 5. Nxe5 c6 6. d4 Bg7 7. Bc4 Nd5 8. Qf3
O-O 9. Bxd5 cxd5 10. Bf4 f6 11. Nd3 e5 12. dxe5 fxe5 13. Bg5 Qxg5 14. Qxd5+ Kh8
15. f4 Qf5 16. fxe5 Bxe5 17. Nxe5 Re8 18. Qf7 Rxe5+ 19. Kd2 Qxf7 20. Nc3 Qf2+
21. Kc1 Bf5 22. Ne2 Qxe2 0-1

[Event "0pen Est 2012/2013"]
[Site "Aubagne"]
[Date "2012.11.10"]
[Round "2.2"]
[White "Gomez, Jean-Luc"]
[Black "Gamblin, Vincent"]
[Result "1-0"]
[WhiteElo "1750"]
[BlackElo "1499"]
[PlyCount "73"]

1. d4 d5 2. Bf4 e6 3. Nf3 Nd7 4. e3 Ngf6 5. Bd3 c5 6. c4 cxd4 7. exd4 dxc4 8.
Bxc4 Nb6 9. Bb3 Nbd5 10. Bg3 Bb4+ 11. Nbd2 O-O 12. O-O Re8 13. Rc1 Bd7 14. a3
Ba5 15. h3 b5 16. Bc2 a6 17. b4 Bb6 18. Nb3 Nc3 19. Qd3 Nce4 20. Be5 Bc6 21.
Rfe1 Rc8 22. Nc5 Bxc5 23. bxc5 g6 24. Qe3 Re7 25. Qf4 Nh5 26. Qh4 f6 27. Bxe4
fxe5 28. Bxc6 Rxc6 29. Nxe5 Rc8 30. Qe4 Rg7 31. Nc6 Qf8 32. Qxe6+ Kh8 33. Ne7
Re8 34. Nxg6+ Rxg6 35. Qxe8 Qxe8 36. Rxe8+ Kg7 37. c6 1-0

[Event "0pen Est 2012/2013"]
[Site "Aubagne"]
[Date "2012.11.10"]
[Round "2.3"]
[White "Gallo, Nicolas"]
[Black "Vialette, Eric"]
[Result "0-1"]
[WhiteElo "1499"]
[BlackElo "1719"]
[PlyCount "88"]

1. e4 d6 2. d4 Nf6 3. Nc3 g6 4. f4 Bg7 5. Bc4 Nc6 6. Be3 Ng4 7. Qd2 Nxe3 8.
Qxe3 Bxd4 9. Qf3 Na5 10. Bb5+ c6 11. Bd3 Qb6 12. Nge2 Qxb2 13. Rb1 Bxc3+ 14.
Nxc3 Qxc3+ 15. Ke2 h5 16. h3 Bd7 17. Rhd1 c5 18. f5 g5 19. f6 Qxf6 20. Qe3 c4
21. Bxc4 Nxc4 22. Qb3 Nb6 23. Rf1 Qg7 24. Rf2 O-O 25. Kf1 Be6 26. Qf3 Bxa2 27.
Rc1 Qg6 28. Qe3 Rac8 29. Rf5 f6 30. Ra5 Nc4 31. Qxa7 Nxa5 32. Qxa5 Bc4+ 33. Kg1
Qxe4 34. Re1 Qd4+ 35. Kh1 Ra8 36. Qf5 Bf7 37. Qd7 Ra1 38. Rxa1 Qxa1+ 39. Kh2
Qe5+ 40. Kg1 Ra8 41. Qxb7 Bd5 42. Qb4 Qe3+ 43. Kh2 Qf4+ 44. Qxf4 gxf4 0-1

[Event "0pen Est 2012/2013"]
[Site "Aubagne"]
[Date "2012.11.10"]
[Round "2.4"]
[White "Cescon, Moreno"]
[Black "Ganier, Philippe"]
[Result "1-0"]
[WhiteElo "1715"]
[BlackElo "1490"]
[PlyCount "75"]

1. e4 e5 2. Nf3 Nc6 3. Bb5 Bc5 4. Bxc6 dxc6 5. O-O Qd6 6. d3 Ne7 7. Nbd2 Be6 8.
Ng5 O-O 9. Qh5 h6 10. Nxe6 Qxe6 11. Nc4 Ng6 12. Kh1 f5 13. Be3 Be7 14. exf5
Rxf5 15. Qe2 a6 16. b3 b5 17. Nd2 Raf8 18. Ne4 Nh4 19. Ng3 Qd5 20. Ne4 Ng6 21.
c4 Qd7 22. Rad1 Nf4 23. Bxf4 Rxf4 24. Qh5 Qd4 25. Qe2 R4f5 26. f3 Bh4 27. cxb5
cxb5 28. Rc1 R5f7 29. Qc2 Be7 30. Qc3 Ba3 31. Rc2 Qe3 32. b4 Rf4 33. Qxa3 Rxe4
34. Qb3+ Kh8 35. dxe4 Qxe4 36. Rxc7 Qg6 37. Qc2 Qe6 38. Rc1 1-0

[Event "0pen Est 2012/2013"]
[Site "Aubagne"]
[Date "2012.11.10"]
[Round "2.5"]
[White "Pietrac, Christian"]
[Black "Massardo, Quentin"]
[Result "0-1"]
[WhiteElo "1499"]
[BlackElo "1667"]
[PlyCount "100"]

1. e4 b6 2. Nc3 Bb7 3. d4 e6 4. f4 Nf6 5. Bd3 c5 6. Be3 c4 7. Bxc4 Nxe4 8. Nf3
Bb4 9. Qd3 Nd6 10. Bb3 Ba6 11. Qd1 Nc6 12. d5 Na5 13. Qd4 Nf5 14. Qxb4 Nxb3 15.
axb3 Nxe3 16. Rxa6 Nxc2+ 17. Kf2 Nxb4 18. Ra4 Nd3+ 19. Ke3 Nc5 20. Rb4 Qe7 21.
Ne5 O-O 22. Re1 f6 23. Nf3 exd5+ 24. Kd2 Qxe1+ 25. Nxe1 d4 26. Nd5 Rae8 27. Nf3
Re4 28. f5 Rfe8 29. Kc1 Nd3+ 30. Kd2 Nxb4 31. Nxb4 Re2+ 32. Kc1 Rxg2 33. Nd3
Re3 34. Nde1 Rf2 35. Kb1 Rfxf3 36. Nxf3 Rxf3 37. Kc2 Re3 38. b4 Kf7 39. b5 Ke7
40. Kd2 Kd6 41. Kc2 Kd5 42. Kd2 Kc4 43. Kc2 Rc3+ 44. bxc3 dxc3 45. h3 d5 46. h4
d4 47. h5 d3+ 48. Kd1 d2 49. h6 Kd3 50. hxg7 c2# 0-1

[Event "0pen Est 2012/2013"]
[Site "Aubagne"]
[Date "2012.11.10"]
[Round "2.6"]
[White "Luc, Rene"]
[Black "Kallenberg, Hardi"]
[Result "1/2-1/2"]
[WhiteElo "1656"]
[BlackElo "1480"]
[PlyCount "96"]

1. d4 d5 2. c4 e6 3. Nc3 Nc6 4. Nf3 Nf6 5. e3 Be7 6. cxd5 Nxd5 7. e4 Nb6 8. a3
a6 9. Be3 Qd6 10. e5 Qd8 11. Be2 Nd5 12. Nxd5 Qxd5 13. O-O O-O 14. Rc1 b5 15.
b4 Bb7 16. Qc2 f5 17. Bg5 Bxg5 18. Nxg5 Nxd4 19. Bf3 Nxf3+ 20. Nxf3 Rac8 21.
Rfd1 Qe4 22. Qc3 Qg4 23. Rd4 Qg6 24. Nh4 Qh5 25. Rcd1 g5 26. Qg3 Kh8 27. Nf3
Bxf3 28. Qxf3 Qxf3 29. gxf3 Rf7 30. Rd8+ Rf8 31. R8d7 h5 32. Re7 c5 33. Rdd7
Rfe8 34. Rh7+ Kg8 35. Rxh5 c4 36. Rxg5+ Kf8 37. Rh5 Kg8 38. Rd1 c3 39. Rc1 c2
40. Kf1 Rc4 41. Ke2 Rd8 42. Rg5+ Kf7 43. Rgg1 f4 44. h4 Rd5 45. Rg5 Rd8 46. h5
Rh8 47. Kd3 Rd8+ 48. Ke2 Rh8 1/2-1/2

[Event "0pen Est 2012/2013"]
[Site "Aubagne"]
[Date "2012.11.10"]
[Round "2.8"]
[White "Fournier, Alain"]
[Black "Le Mauff, Marc"]
[Result "0-1"]
[WhiteElo "1650"]
[BlackElo "1460"]
[PlyCount "43"]

1. d4 Nf6 2. Nf3 e6 3. e3 b6 4. Nbd2 Bb7 5. Bd3 d5 6. Qe2 Nbd7 7. O-O c5 8. c3
Rc8 9. Ne5 cxd4 10. exd4 Bd6 11. f4 O-O 12. Rf3 g6 13. Rg3 Kg7 14. f5 exf5 15.
Bxf5 Re8 16. Ndf3 Rc7 17. Qd2 Nxe5 18. Qh6+ Kh8 19. dxe5 Bxe5 20. Nxe5 Rxe5 21.
Bf4 Rxf5 22. Bxc7 0-1

[Event "0pen Est 2012/2013"]
[Site "Aubagne"]
[Date "2012.11.10"]
[Round "2.10"]
[White "Benezra, David"]
[Black "Leadbetter, Peter"]
[Result "1-0"]
[WhiteElo "1472"]
[BlackElo "1610"]
[PlyCount "63"]

1. e4 c5 2. Nf3 g6 3. c3 Bg7 4. d4 cxd4 5. cxd4 d6 6. Nc3 Nf6 7. h3 O-O 8. Bc4
Bd7 9. Qb3 b6 10. O-O e6 11. Re1 Nc6 12. Bd3 Na5 13. Qb4 Ne8 14. Bf4 e5 15.
dxe5 Nc6 16. Qb3 dxe5 17. Bg5 Qc8 18. Rac1 Qb7 19. Nd5 Be6 20. Qb5 Bxd5 21.
Qxd5 Rc8 22. Bb5 Rc7 23. Bxc6 Qc8 24. Rc3 Nf6 25. Bxf6 Bxf6 26. Rec1 Rd8 27.
Qb5 Rd6 28. Bd5 Bd8 29. Rxc7 Bxc7 30. Nxe5 Rf6 31. Qc4 Kg7 32. Qxc7 1-0

[Event "0pen Est 2012/2013"]
[Site "Aubagne"]
[Date "2012.11.10"]
[Round "2.11"]
[White "Benvenuto, Richard"]
[Black "Salvi, Michel"]
[Result "0-1"]
[WhiteElo "1440"]
[BlackElo "1597"]
[PlyCount "106"]

1. d4 Nf6 2. c4 c6 3. Nc3 g6 4. Nf3 Bg7 5. e3 O-O 6. Be2 d5 7. O-O b6 8. cxd5
cxd5 9. Bd2 Bb7 10. Rc1 Nc6 11. a3 Rc8 12. b4 Ne4 13. Bd3 e5 14. Nxe4 dxe4 15.
Bxe4 exd4 16. b5 dxe3 17. fxe3 Na5 18. Bxb7 Nxb7 19. a4 Nc5 20. Bb4 Qe7 21. Re1
Rfe8 22. Qe2 Qe4 23. Rc4 Qd3 24. Qxd3 Nxd3 25. Rxc8 Rxc8 26. Rb1 Rc4 27. Be7
Bh6 28. Ng5 Rxa4 29. Rd1 Bxg5 30. Bxg5 Ra3 31. Bh6 f5 32. h3 Kf7 33. Rf1 Ke6
34. g4 Nc5 35. gxf5+ gxf5 36. Rd1 Nd7 37. h4 Nf6 38. Bf8 Ra5 39. Rd6+ Kf7 40.
Bh6 Ke7 41. Rc6 Kf7 42. Bg5 Ne4 43. Bf4 Nc5 44. Bb8 Ne6 45. h5 Rxb5 46. Bxa7
Rb1+ 47. Kf2 b5 48. Rb6 b4 49. Rb7+ Kg8 50. Bb8 b3 51. Be5 Nc5 52. Rb8+ Kf7 53.
Rb4 Nd3+ 0-1

[Event "0pen Est 2012/2013"]
[Site "Aubagne"]
[Date "2012.11.10"]
[Round "2.12"]
[White "Cavanihac, Claude"]
[Black "Besucco, Guy"]
[Result "1-0"]
[WhiteElo "1590"]
[BlackElo "1440"]
[PlyCount "45"]

1. d4 Nf6 2. c4 g6 3. Nc3 Bg7 4. e4 c5 5. e5 Ng8 6. f4 e6 7. d5 d6 8. Nf3 h6 9.
Ne4 Bf8 10. Be2 f5 11. Nxd6+ Bxd6 12. exd6 Qxd6 13. O-O Ne7 14. Ne5 Bd7 15. Bf3
Bc8 16. b3 Nd7 17. Bb2 Rg8 18. Qe2 exd5 19. Nxd7 Kxd7 20. Be5 Qe6 21. cxd5 Nxd5
22. Bxd5 Qxd5 23. Rad1 1-0

[Event "0pen Est 2012/2013"]
[Site "Aubagne"]
[Date "2012.11.10"]
[Round "2.13"]
[White "Veith, Irene"]
[Black "Cocordano, Claire"]
[Result "0-1"]
[WhiteElo "1420"]
[BlackElo "1529"]
[PlyCount "118"]

1. e4 d6 2. d4 Nf6 3. Bd3 g6 4. f4 Bg7 5. Nf3 c5 6. Nc3 cxd4 7. Nxd4 Nc6 8. Bb5
Bd7 9. Nf3 a6 10. Bc4 O-O 11. a3 b5 12. Bd3 Qb6 13. Qe2 Na7 14. Be3 Qb8 15. O-O
a5 16. h3 b4 17. Nd1 b3 18. c3 a4 19. Nd4 e5 20. fxe5 dxe5 21. Nf3 Nh5 22. Qf2
Nf6 23. Qg3 Nh5 24. Qh2 Re8 25. Ng5 Nf6 26. Bc4 Be6 27. Bxe6 fxe6 28. Nf2 h6
29. Nf3 Nc6 30. Qg3 Kh7 31. Rad1 Nh5 32. Qh2 Qb5 33. g4 Nf6 34. Qg3 g5 35. h4
Qe2 36. Bc1 Nxe4 37. Nxe4 Qxe4 38. hxg5 Qg6 39. Rf2 e4 40. Nh4 Be5 41. Bf4 Bxf4
42. Qxf4 hxg5 43. Qc7+ Re7 44. Qh2 gxh4 45. Qxh4+ Kg7 46. Rh2 Rae8 47. g5 Ne5
48. Qh6+ Qxh6 49. gxh6+ Kh7 50. Rh1 Rg8+ 51. Kf2 Ng4+ 52. Ke2 Nxh6 53. Ke3 Rg4
54. Rdf1 Kg7 55. Rh5 Nf5+ 56. Kd2 Re8 57. Kc1 Ng3 58. Rg1 Ne2+ 59. Kb1 Rxg1#
0-1

[Event "0pen Est 2012/2013"]
[Site "Aubagne"]
[Date "2012.11.10"]
[Round "2.14"]
[White "Noireaut, Hoan"]
[Black "Evanno, Georges"]
[Result "1-0"]
[WhiteElo "1528"]
[BlackElo "1350"]
[PlyCount "92"]

1. d4 d5 2. Bf4 Nc6 3. e3 a6 4. h3 Nf6 5. Bd3 e6 6. Nf3 Be7 7. Ne5 Nxe5 8. dxe5
Nd7 9. Nd2 Bg5 10. Bh2 Nc5 11. Nf3 Nxd3+ 12. Qxd3 Bh6 13. O-O Bd7 14. a4 Qe7
15. Rfd1 Bc6 16. Nd4 Bd7 17. c4 c5 18. Nb3 b6 19. cxd5 exd5 20. Qxd5 Rd8 21.
Qb7 Qe6 22. Nd2 O-O 23. Qxa6 Qg6 24. Bg3 Bc8 25. Qb5 Bb7 26. Nc4 Rxd1+ 27. Rxd1
Qe4 28. f3 Qg6 29. Kh2 Qc2 30. Rd2 Qg6 31. Qxb6 Bc6 32. Rd6 Qc2 33. Na3 Qxa4
34. Qxc6 Qb4 35. Qb6 Bxe3 36. Qxb4 cxb4 37. Nc4 Bc5 38. Rc6 Be7 39. Rb6 h6 40.
Be1 Rc8 41. b3 Bc5 42. Rb5 Be7 43. Bxb4 Bg5 44. Bd6 Bf4+ 45. Kg1 Bg5 46. Rb8
Rxb8 1-0

[Event "0pen Est 2012/2013"]
[Site "Aubagne"]
[Date "2012.11.10"]
[Round "2.15"]
[White "Masson, Wally"]
[Black "Maxiola, Antoine"]
[Result "0-1"]
[WhiteElo "1240"]
[BlackElo "1520"]
[PlyCount "45"]

1. f4 d5 2. Nf3 e6 3. e3 Nf6 4. Bd3 c5 5. b3 Nc6 6. Bb2 Be7 7. O-O O-O 8. h3 d4
9. Qe1 Nb4 10. exd4 Nxd3 11. cxd3 b6 12. dxc5 Bxc5+ 13. d4 Bd6 14. Ne5 Bb7 15.
d3 Rc8 16. Nd2 Rc2 17. Bc1 Bb4 18. Qf2 Qd5 19. g3 Bxd2 20. Bxd2 Nh5 21. Nf3
Nxf4 22. Qe3 g5 23. Nxg5 0-1

[Event "0pen Est 2012/2013"]
[Site "Aubagne"]
[Date "2012.11.10"]
[Round "2.17"]
[White "Batalov, Azat"]
[Black "Rouault, Alexandre"]
[Result "0-1"]
[WhiteElo "1499"]
[BlackElo "1199"]
[PlyCount "72"]

1. c4 c5 2. Nc3 Nf6 3. g3 b6 4. Bg2 Nc6 5. Nf3 Bb7 6. O-O h6 7. d3 e5 8. Bd2
Bd6 9. a3 O-O 10. Na2 Re8 11. e4 Nd4 12. Nxd4 exd4 13. Re1 Bc6 14. b4 b5 15.
cxb5 Bxb5 16. e5 Bc6 17. exd6 Rxe1+ 18. Qxe1 Bxg2 19. Kxg2 cxb4 20. axb4 Qb6
21. Bf4 Qc6+ 22. Kg1 Re8 23. Qb1 Nd5 24. b5 Qc5 25. Nc1 Re1+ 26. Kg2 Nxf4+ 27.
gxf4 Qd5+ 28. f3 Qxd6 29. Kf2 Qe6 30. Ra2 Qe3+ 31. Kg3 Rg1+ 32. Rg2 Qe1+ 33.
Kh3 Qf1 34. Qa2 Qxf3+ 35. Kh4 Rxg2 36. h3 Qxf4+ 0-1

[Event "0pen Est 2012/2013"]
[Site "Aubagne"]
[Date "2012.11.10"]
[Round "2.18"]
[White "Gambino, Max"]
[Black "Gamblin, Thibaut"]
[Result "1-0"]
[WhiteElo "1620"]
[BlackElo "1481"]
[PlyCount "71"]

1. e4 e5 2. Nf3 Nc6 3. Bc4 Bc5 4. c3 Nf6 5. d4 exd4 6. cxd4 Bb4+ 7. Nc3 Bxc3+
8. bxc3 Nxe4 9. O-O O-O 10. Qd3 d5 11. Bb3 Be6 12. Bf4 Qe7 13. Bc2 a6 14. Nd2
Bf5 15. Rfe1 Rac8 16. Nxe4 dxe4 17. Qd2 Qf6 18. Bxe4 Bxe4 19. Rxe4 Qg6 20. Rae1
Nd8 21. d5 c6 22. c4 cxd5 23. cxd5 Rc5 24. Qb4 b6 25. Re8 h6 26. Rxf8+ Kxf8 27.
Be3 Qd6 28. Bxc5 bxc5 29. Qe4 Kg8 30. h3 f6 31. Qg6 Nf7 32. Re8+ Qf8 33. Rxf8+
Kxf8 34. Qc2 Nd6 35. Qxc5 Ke7 36. Qc7+ 1-0

[Event "0pen Est 2012/2013"]
[Site "Aubagne"]
[Date "2012.11.10"]
[Round "2.19"]
[White "Pegon, Claude"]
[Black "Lang, Michel"]
[Result "0-1"]
[WhiteElo "1170"]
[BlackElo "1370"]
[PlyCount "56"]

1. g3 d5 2. Bg2 e5 3. c4 d4 4. d3 Nf6 5. Nf3 Nc6 6. a3 Bf5 7. Bd2 Be7 8. b4 Qd7
9. b5 Nb8 10. Nxe5 Qc8 11. a4 O-O 12. a5 a6 13. bxa6 Nxa6 14. Qb3 Nc5 15. Qc2
Bd6 16. f4 Re8 17. O-O Bxe5 18. fxe5 Rxe5 19. Bb4 c6 20. Re1 Ng4 21. Bh1 Nxd3
22. Qd2 Nxe1 23. Qxe1 Ne3 24. Nd2 Nc2 25. Qf2 Nxa1 26. Qxd4 Rxe2 27. Qxa1 Qe8
28. Nf3 Qe3+ 0-1

[Event "0pen Est 2012/2013"]
[Site "Aubagne"]
[Date "2012.11.10"]
[Round "2.20"]
[White "Benezra, Ruthy"]
[Black "Bertrand, Frederic"]
[Result "0-1"]
[WhiteElo "1357"]
[BlackElo "1700"]
[PlyCount "100"]

1. e4 c5 2. Nf3 a6 3. d4 cxd4 4. Nxd4 e5 5. Nf3 Nc6 6. Bc4 h6 7. Nc3 Nf6 8. O-O
d6 9. Be3 Bg4 10. h3 Bxf3 11. Qxf3 Be7 12. Nd5 b5 13. Bb6 Nd4 14. Qd3 bxc4 15.
Nxf6+ Bxf6 16. Bxd8 cxd3 17. Bxf6 gxf6 18. cxd3 Rc8 19. Rfe1 Ke7 20. Rab1 Rc2
21. Kf1 Rb8 22. Rec1 Rbc8 23. Rxc2 Rxc2 24. a3 Kd7 25. b3 Rc3 26. Ke1 Rxd3 27.
Rb2 Rxb3 28. Rxb3 Nxb3 29. Ke2 Nd4+ 30. Ke3 Kc6 31. f3 Nc2+ 32. Kf2 Nxa3 33.
Ke2 Nc2 34. Kd2 Nd4 35. Kc1 Kc5 36. Kb1 Ne2 37. Kc2 Nf4 38. g3 Nxh3 39. Kb1 Ng5
40. f4 exf4 41. gxf4 Nxe4 42. Kc2 h5 43. f5 a5 44. Kb2 h4 45. Kc2 h3 46. Kb2 a4
47. Kc2 h2 48. Kb2 h1=Q 49. Ka2 Qd1 50. Ka3 Qb3# 0-1

[Event "0pen Est 2012/2013"]
[Site "Aubagne"]
[Date "2012.11.10"]
[Round "2.21"]
[White "Plancq, Jacques"]
[Black "Gamblin, Antoine"]
[Result "1/2-1/2"]
[WhiteElo "1340"]
[BlackElo "1660"]
[PlyCount "92"]

1. e4 d5 2. exd5 Qxd5 3. Nc3 Qa5 4. Be2 Nf6 5. Nf3 Nc6 6. d3 g6 7. Bd2 Bg7 8.
Qc1 O-O 9. a3 Bg4 10. Nd1 Qf5 11. Ne3 Qc5 12. Bc3 Bxf3 13. Bxf3 Rad8 14. Qd2 e6
15. O-O Nd5 16. Bxg7 Kxg7 17. Nxd5 exd5 18. Rfb1 Rfe8 19. b4 Qd6 20. Qc3+ Qe5
21. Qc5 a6 22. b5 axb5 23. Qxb5 Nd4 24. Qb2 Nxf3+ 25. gxf3 Qxb2 26. Rxb2 b6 27.
Rbb1 Re5 28. Re1 Rde8 29. Rxe5 Rxe5 30. d4 Re6 31. c3 Kf6 32. Kg2 Kg5 33. Kg3
h5 34. h4+ Kf5 35. a4 Rc6 36. Ra3 Rc4 37. a5 bxa5 38. Rxa5 c6 39. Ra3 c5 40.
dxc5 Rxc5 41. f4 Rc4 42. f3 Rxf4 43. Ra7 f6 44. Rd7 Ke5 45. Rg7 Kf5 46. Rd7 Ke5
1/2-1/2

[Event "0pen Est 2012/2013"]
[Site "Aubagne"]
[Date "2012.11.10"]
[Round "2.22"]
[White "Vicari-Vento, Salvatore"]
[Black "Cotton, Paul"]
[Result "1-0"]
[WhiteElo "1607"]
[BlackElo "1320"]
[PlyCount "66"]

1. e4 c5 2. Nf3 Nc6 3. d4 cxd4 4. Nxd4 g6 5. Nc3 Bg7 6. Be3 d6 7. Bb5 Bd7 8.
O-O Nf6 9. Nxc6 bxc6 10. Be2 c5 11. a3 a6 12. Bf3 Rb8 13. Rb1 Bc6 14. e5 Bxf3
15. Qxf3 Nd7 16. exd6 exd6 17. Rfe1 O-O 18. Bf4 Ne5 19. Qe2 Re8 20. Qxa6 Rb6
21. Qf1 Qb8 22. Bd2 Rxb2 23. Rxb2 Qxb2 24. f4 Qxc2 25. Qf2 Bh6 26. Nd5 Kg7 27.
fxe5 Bxd2 28. Qf6+ Kg8 29. Rf1 Be3+ 30. Nxe3 Qf5 31. Nxf5 gxf5 32. exd6 Re6 33.
Qxf5 Re8 1-0

[Event "0pen Est 2012/2013"]
[Site "Aubagne"]
[Date "2012.11.10"]
[Round "2.23"]
[White "Garbe, Georges"]
[Black "Alquier, Matthieu"]
[Result "1-0"]
[WhiteElo "1300"]
[BlackElo "1599"]
[PlyCount "87"]

1. e4 c5 2. c4 Nf6 3. d3 g6 4. g3 Bg7 5. Nc3 O-O 6. Bg2 d6 7. Nge2 Bg4 8. h3
Bxe2 9. Nxe2 Nc6 10. a3 Nd7 11. O-O Qb6 12. Rb1 Qc7 13. f4 f5 14. exf5 Rxf5 15.
g4 Rff8 16. Ng3 e6 17. h4 d5 18. g5 h6 19. cxd5 exd5 20. Be3 d4 21. Qb3+ Kh7
22. Bd2 Na5 23. Qd5 b6 24. Be4 Qc6 25. h5 Qxd5 26. Bxd5 Nb3 27. Bxb3 hxg5 28.
fxg5 Rxf1+ 29. Rxf1 Rf8 30. h6 Be5 31. Ne4 Rf5 32. Be6 Rxf1+ 33. Kxf1 Nf8 34.
Bd5 a5 35. a4 Nd7 36. Kf2 Nb8 37. Bb7 Kg8 38. Bd5+ Kf8 39. Kf3 Ke7 40. h7 Na6
41. Nf6 Nb4 42. h8=Q Nxd3 43. Qe8+ Kd6 44. Qd7# 1-0

[Event "0pen Est 2012/2013"]
[Site "Aubagne"]
[Date "2012.11.10"]
[Round "2.24"]
[White "Akli, Robert"]
[Black "Monteil, Marie-Joseph"]
[Result "1-0"]
[WhiteElo "1510"]
[BlackElo "1290"]
[PlyCount "36"]

1. d4 f5 2. f4 e6 3. Nf3 b6 4. e3 Nf6 5. Be2 Bb7 6. O-O Bd6 7. c3 O-O 8. Nbd2
a5 9. a4 Na6 10. Qe1 c5 11. Nc4 Bc7 12. Nce5 cxd4 13. exd4 d6 14. Nc4 Ne4 15.
Be3 Rc8 16. Rc1 Bd5 17. Na3 Nb8 18. c4 Bb7 1-0

[Event "0pen Est 2012/2013"]
[Site "Aubagne"]
[Date "2012.11.10"]
[Round "2.25"]
[White "Jacquemard, Jean"]
[Black "Autouard, Jean Luc"]
[Result "0-1"]
[WhiteElo "1270"]
[BlackElo "1499"]
[PlyCount "52"]

1. e4 e5 2. Nf3 Nc6 3. Bc4 h6 4. a3 Nf6 5. Nc3 Bc5 6. O-O O-O 7. b4 Bb6 8. d3
d6 9. h3 Bd7 10. Re1 Qe7 11. Nd5 Qd8 12. c3 Nh5 13. Bb2 Nf4 14. Nxf4 exf4 15.
d4 Qf6 16. e5 Qg6 17. Bd3 Bf5 18. Nh4 Qg5 19. Nxf5 Rfe8 20. Bc1 dxe5 21. Be4 g6
22. h4 Qf6 23. Nxh6+ Kg7 24. Ng4 Qxh4 25. Bxc6 Rh8 26. dxe5 Qh1# 0-1

[Event "0pen Est 2012/2013"]
[Site "Aubagne"]
[Date "2012.11.10"]
[Round "2.26"]
[White "Graccione, Angele"]
[Black "Bauden, Thomas"]
[Result "0-1"]
[WhiteElo "1499"]
[BlackElo "1200"]
[PlyCount "62"]

1. e4 e5 2. Nf3 d6 3. g3 Nf6 4. Nc3 Be7 5. Bb5+ Bd7 6. Bc4 O-O 7. O-O Nc6 8. b3
Qc8 9. Bb2 Bg4 10. Nd5 Nxd5 11. exd5 Nd4 12. Be2 Nxe2+ 13. Kg2 Bh3+ 14. Kh1
Bxf1 15. Qxf1 Nd4 16. Qd3 Nxf3 17. Qxf3 Qd7 18. c4 Rae8 19. Kg2 Bf6 20. d3 e4
21. dxe4 Bxb2 22. Rb1 Ba3 23. Re1 Re5 24. Qe3 Rfe8 25. f4 Rxe4 26. Qg1 Rxe1 27.
Qf2 R8e2 28. Kf3 Rxf2+ 29. Kxf2 Qe7 30. Kg2 Qe4+ 31. Kf2 Bc5# 0-1

[Event "0pen Est 2012/2013"]
[Site "Aubagne"]
[Date "2012.11.10"]
[Round "2.27"]
[White "Lognos, Lina"]
[Black "Mallet, Philippe"]
[Result "0-1"]
[WhiteElo "1207"]
[BlackElo "1499"]
[PlyCount "78"]

1. c4 f5 2. g3 Nf6 3. Bg2 e6 4. a3 Be7 5. d3 Nc6 6. Nc3 b6 7. Nf3 Bb7 8. O-O
Bd6 9. Rb1 Qe7 10. Nb5 Ne5 11. Nxd6+ Qxd6 12. b4 h6 13. a4 g5 14. Bb2 Bxf3 15.
exf3 Rb8 16. Bxe5 Qxe5 17. Re1 Qd4 18. Re2 h5 19. Qd2 f4 20. Qb2 Qxd3 21. Qxf6
Qxb1+ 22. Bf1 Qh7 23. Qxg5 fxg3 24. Qxg3 Rg8 25. Qxg8+ Qxg8+ 26. Bg2 Ke7 27.
Kf1 Qg6 28. Re4 Rg8 29. Bh3 Qg1+ 30. Ke2 Qc1 31. f4 Qc2+ 32. Kf1 Qxe4 33. Bg2
Qxc4+ 34. Ke1 Rxg2 35. Kd2 Rxf2+ 36. Ke3 Qxf4+ 37. Kd3 Rf3+ 38. Kc2 Qxh2+ 39.
Kc1 Rf1# 0-1

[Event "0pen Est 2012/2013"]
[Site "Aubagne"]
[Date "2012.11.10"]
[Round "2.28"]
[White "Renoulet, Francoise"]
[Black "Tosato, Tony"]
[Result "0-1"]
[WhiteElo "1499"]
[BlackElo "1199"]
[PlyCount "22"]

1. e4 b6 2. c4 Bb7 3. Nc3 e6 4. g3 Nf6 5. Bg2 Bc5 6. d3 d5 7. Nge2 e5 8. Be3 d4
9. O-O dxe3 10. h4 exf2+ 11. Kh2 Ng4+ 0-1

[Event "0pen Est 2012/2013"]
[Site "Aubagne"]
[Date "2012.11.10"]
[Round "2.29"]
[White "Attali, Josh"]
[Black "Frontera, Pierre"]
[Result "0-1"]
[WhiteElo "1199"]
[BlackElo "1480"]
[PlyCount "56"]

1. e4 c5 2. d4 cxd4 3. Qxd4 Nc6 4. Qa4 e5 5. Bc4 Nf6 6. Nc3 Be7 7. b3 O-O 8.
Ba3 Nd4 9. Rc1 d6 10. Nf3 Bd7 11. Nb5 Nxf3+ 12. gxf3 a6 13. Rg1 axb5 14. Qb4
bxc4 15. Rg2 c3 16. Ke2 Re8 17. Rcg1 g6 18. Rg3 d5 19. Qxc3 Bxa3 20. Rh3 d4 21.
Qd2 Bb5+ 22. Ke1 Qd6 23. Rg4 Bb4 24. c3 Bxc3 25. b4 Bxd2+ 26. Kxd2 Nxg4 27. Rg3
Qxb4+ 28. Kc2 Rec8+ 0-1